header

Wiley series 66 exam review 2013 (Record no. 34951)

MARC details
000 -LEADER
fixed length control field 01240nam a2200313 a 4500
082 04 - DEWEY DECIMAL CLASSIFICATION NUMBER
Classification number 332.6076
245 10 - TITLE STATEMENT
Title Wiley series 66 exam review 2013
260 ## - PUBLICATION, DISTRIBUTION, ETC. (IMPRINT)
Place of publication Hoboken, N.J. :
Name of publisher Wiley,
Year of publication 2013.
300 ## - PHYSICAL DESCRIPTION
Number of Pages xv, 243 p.
490 0# - SERIES STATEMENT
Series statement Wiley FINRA series
500 ## - GENERAL NOTE
General note Includes index.
650 #0 - SUBJECT ADDED ENTRY--TOPICAL TERM
Topical Term Securities
856 40 - ELECTRONIC LOCATION AND ACCESS
Uniform Resource Identifier http://site.ebrary.com/lib/rucke/Doc?id=10747431

No items available.

© 2026 Rongo University
Contact us: librarian | system librarian | Rongo university